LEADER 01932nam 2200421 n 450 001 996390308803316 005 20200824121212.0 035 $a(CKB)4940000000098607 035 $a(EEBO)2240859678 035 $a(UnM)99825113e 035 $a(UnM)99825113 035 $a(EXLCZ)994940000000098607 100 $a19920519d1687 uy | 101 0 $aeng 135 $aurbn||||a|bb| 200 10$aTwo discourses concerning the adoration of our B· Saviour in the H· Eucharist·$b[electronic resource] $eThe first: animadversions upon the alterations of the rubrick in the communion-service in the Common-prayer-book of the Church of England. The second: the Catholicks defence for their adoration of our Lord, as believed really and substantially present in the holy sacrament of the Eucharist 210 $aAt Oxford $c[s.n.]$dprinted, anno 1687 215 $a[8], 33, [7], 38, [2] p 300 $aR.H. = Abraham Woodhead. 300 $a"Animadversions upon the alterations of the rubrick in the communion-service in the Common-prayer-book of the Church of England" has divisional title. 300 $a"The Catholicks defence, for their adoration of the body and blood of our Lord" has separate dated title page and pagination; register is continuous. 300 $aThe last leaf is blank. 300 $aReproduction of original in the University of Illinois (Urbana-Champaign Campus). Library. 330 $aeebo-0167 606 $aLord's Supper$vEarly works to 1800 606 $aTransubstantiation$vEarly works to 1800 615 0$aLord's Supper 615 0$aTransubstantiation 700 $aR. H$f1609-1678.$01001862 801 0$bCu-RivES 801 1$bCu-RivES 801 2$bCStRLIN 801 2$bCu-RivES 801 2$bWaOLN 906 $aBOOK 912 $a996390308803316 996 $aTwo discourses concerning the adoration of our B· Saviour in the H· Eucharist·$92400418 997 $aUNISA